=LDR 00000nam 2200000 4500 =001 INLIS000000000046907 =005 20150529103250.0 =006 =007 =008 =035 ##$$0010-051500000000166 =082 ##$$a 028 =090 ##$$a 028.5 mua a =100 ##$$a ali muakhir =245 ##$$a ayo kita salat =260 ##$$a tiga serangkai =300 ##$$a 23 hlm. =850 ##$$a NPBMAT =990 ##$$a 0094/BPAP-NTB/2015